000 00293cam a2200109ua 4500
082 _a621.8
_bNEL/ME
100 _aNelson, Carl A .
_91599
245 _aMechanical Trades Pocket Manual /
260 _aMumbai :
_bD B Taraporevala sons & Co. Pvt. Ltd. ,
_c1985.
300 _a256 ; .
942 _cREF
999 _c6823
_d6823